[Event "Elite Hotels Vaxjo Open"]
[Site "masterchessopen.com Vaxjo SWE"]
[Date "2017.02.11"]
[Round "5.5"]
[White "Jepson,C"]
[Black "Kucuksari,Kaan"]
[Result "0-1"]
[WhiteElo "2427"]
[BlackElo "2337"]

1.c4 c6 2.Nf3 Nf6 3.Nc3 d5 4.e3 e6 5.b3 Bd6 6.Bb2 O-O 7.d4 Nbd7 8.Qc2 e5
9.cxd5 cxd5 10.dxe5 Nxe5 11.Be2 Bg4 12.Nd4 Rc8 13.f3 Bh5 14.Qd2 Nc6 15.g3 Nxd4
16.exd4 Re8 17.O-O Bb4 18.Bb5 Re7 19.a3 Bxc3 20.Bxc3 Rec7 21.Rac1 h6 22.Bd3
Bg6 23.Bxg6 fxg6 24.Rfe1 Qf8 25.Bb4 Qf7 26.Rxc7 Qxc7 27.Re7 Qb6 28.Qd3 Kh7
29.Bd2 Re8 30.Rxe8 Nxe8 31.Bf4 Nf6 32.h4 Qe6 33.Kg2 Qf5 34.Qxf5 gxf5 35.Kf2
Kg8 36.Ke3 Kf7 37.Kd3 Nd7 38.Bc7 Ke7 39.Ke3 Nf8 40.Bb8 a6 41.Be5 Ne6 42.h5 Kf7
43.Bd6 Kf6 44.Bf4 Kf7 45.Be5 g6 46.hxg6+ Kxg6 47.Bd6 h5 48.f4 h4 49.gxh4 Kh5
50.Be7 Kg4 51.Bg5 Ng7 52.Bf6 Nh5 53.Bg5 Kg3 54.Be7 Kg2 55.Bd8 Kg3 56.Be7 Kg4
57.Bg5 Ng3 58.Be7 Ne4 59.a4 Nc3 60.Bb4 Ne4 61.Be7 Ng3 62.Bd8 Nf1+ 63.Ke2 Ng3+
64.Ke3 Nh5 65.Bg5 Ng7 66.Bf6 Ne6 67.Bg5 b6 68.Be7 Nxf4 69.Bd8 b5 70.axb5 axb5
71.Ba5 Ng2+ 72.Kf2 Nxh4 73.Bc7 Nf3 74.Ke3 Nh4 75.Kd3 f4 76.Bxf4 Kxf4 77.Kc3
Nf5 78.Kb4 Nxd4 79.Kc5 Ke4 80.b4 Nc2 {#R} 0-1

[Event "Elite Hotels Vaxjo Open"]
[Site "masterchessopen.com Vaxjo SWE"]
[Date "2017.02.11"]
[Round "5.7"]
[White "Von Bahr,O"]
[Black "Fransson,Pa"]
[Result "1-0"]
[WhiteElo "2385"]
[BlackElo "2133"]

1.c4 c6 2.e4 d5 3.exd5 cxd5 4.d4 Nf6 5.Nc3 e6 6.Bg5 Be7 7.Nf3 Nc6 8.c5 O-O
9.Bb5 Ne4 10.Bxe7 Qxe7 11.Qc2 Nxc3 12.Qxc3 Qc7 13.O-O Ne7 14.Rfe1 Bd7 15.Bd3
f6 16.b4 Rac8 17.b5 g5 18.a4 Ng6 19.a5 g4 20.Nd2 Rf7 21.a6 bxa6 22.Rxa6 Nf4
23.Bf1 Qb8 24.c6 Rc7 25.Qe3 Bc8 26.Qxf4 Bxa6 27.bxa6 Qb4 28.Rxe6 Rg7 29.Re8+
{#r} 1-0

[Event "Elite Hotels Vaxjo Open"]
[Site "masterchessopen.com Vaxjo SWE"]
[Date "2017.02.11"]
[Round "5.9"]
[White "Stahlberg,D"]
[Black "Ornstein,A"]
[Result "0-1"]
[WhiteElo "2089"]
[BlackElo "2358"]

1.Nf3 c5 2.c4 Nf6 3.Nc3 e6 4.e3 d5 5.d4 a6 6.dxc5 Bxc5 7.a3 Nc6 8.b4 Ba7 9.Bb2
O-O 10.Be2 dxc4 11.Bxc4 b5 12.Qxd8 Rxd8 13.Bb3 Bb7 14.Rd1 Rdc8 15.O-O Bb8
16.Rd2 Ne5 17.Nxe5 Bxe5 18.Nd1 Bxb2 19.Nxb2 Rc3 20.Rd3 Rac8 21.Rfd1 Kf8 22.f3
Bd5 23.Bxd5 Nxd5 24.e4 Nf4 25.Rd7 Rxa3 26.Ra7 e5 27.Rdd7 Ra1+ 28.Nd1 Kg8 29.g3
Ne6 30.Kg2 h5 31.h4 Rc2+ 32.Nf2 Raa2 33.Ra8+ Kh7 34.Rxf7 Rxf2+ {#R} 0-1

[Event "Elite Hotels Vaxjo Open"]
[Site "masterchessopen.com Vaxjo SWE"]
[Date "2017.02.11"]
[Round "5.10"]
[White "Mattsson,M"]
[Black "Arman,D"]
[Result "0-1"]
[WhiteElo "2054"]
[BlackElo "2355"]

1.e4 c5 2.Nf3 d6 3.d4 cxd4 4.Qxd4 a6 5.Be3 Nf6 6.Nc3 Nc6 7.Qb6 Qxb6 8.Bxb6 Bg4
9.h3 Bxf3 10.gxf3 Rc8 11.f4 g6 12.Be2 Bg7 13.O-O-O Nd7 14.Be3 Bxc3 15.bxc3 Na5
16.Bg4 h5 17.Bd4 Rg8 18.Be2 Nc4 19.f3 Nf8 20.Rhg1 Ne6 21.f5 Nf4 22.Bf1 g5
23.Rg3 h4 24.Rg4 Ne5 25.Bxe5 dxe5 26.Kb2 f6 27.c4 Rd8 28.Rd5 Rxd5 29.cxd5 Kd7
30.a4 Kd6 31.c4 Kc5 32.Kc3 a5 33.Rg1 Ra8 34.Bd3 Ra6 35.Rh1 Rb6 36.Bc2 Rb4
37.Bb3 Ne2+ {#R} 0-1

[Event "Elite Hotels Vaxjo Open"]
[Site "masterchessopen.com Vaxjo SWE"]
[Date "2017.02.11"]
[Round "5.11"]
[White "Bellon Lopez,JuM"]
[Black "Wahlund,Max"]
[Result "1-0"]
[WhiteElo "2345"]
[BlackElo "2127"]

1.d4 e6 2.Nf3 d5 3.Bf4 Bd6 4.e3 Nf6 5.Bd3 c5 6.c3 Bxf4 7.exf4 Qb6 8.Qb3 c4
9.Qxb6 axb6 10.Be2 Bd7 11.O-O Ke7 12.Nbd2 Nc6 13.Rfe1 Ra7 14.a3 Rha8 15.f5 Kd6
16.fxe6 Bxe6 17.Ne5 g5 18.h4 gxh4 19.Ndf3 Nd7 20.Nxd7 Kxd7 21.Nxh4 Rg8 22.Rad1
Raa8 23.Bxc4 dxc4 24.d5 Bg4 25.dxc6+ Kxc6 26.Rd4 Be6 27.Nf3 Rad8 28.Rxd8 Rxd8
29.Nd4+ Kd6 30.Re4 Bd5 31.Rh4 Re8 32.Nf5+ Kc5 33.Ne3 Be4 34.Rh5+ Kc6 35.Nxc4
Bg6 36.Ne5+ Kd6 37.Nxg6 Re1+ 38.Kh2 hxg6 39.Rb5 Kc6 40.Rb4 Re2 41.Kg3 Rd2
42.Kf3 Rc2 43.g4 f5 44.g5 Kc5 45.a4 Kc6 46.Ke3 Rc1 47.Rh4 Re1+ 48.Kd4 Rg1
49.f4 Re1 50.Rh6 Re6 51.c4 Re4+ 52.Kc3 Re3+ 53.Kb4 Re6 54.Rh7 Rd6 55.Rg7 Re6
56.b3 Rd6 57.Re7 Rd4 58.Re6+ Kc7 59.Rxg6 Rxf4 60.Kb5 Rg4 61.Rg7+ {#r} 1-0

[Event "Elite Hotels Vaxjo Open"]
[Site "masterchessopen.com Vaxjo SWE"]
[Date "2017.02.11"]
[Round "5.12"]
[White "Ziegler,A"]
[Black "Karlsson,J"]
[Result "1-0"]
[WhiteElo "2315"]
[BlackElo "2107"]

1.d4 g6 2.Bf4 Bg7 3.e3 d6 4.Nf3 Nd7 5.h3 e5 6.Bh2 Ne7 7.Be2 O-O 8.c4 b6 9.Nc3
Bb7 10.O-O h6 11.Rc1 f5 12.c5 a6 13.cxd6 cxd6 14.Qb3+ Kh7 15.dxe5 dxe5 16.Rfd1
Bxf3 17.Bxf3 Ra7 18.Qa3 e4 19.Be2 Nc8 20.Nd5 Nc5 21.b4 Ne6 22.Qb3 Qe8 23.Rc2
b5 24.Rdc1 Ne7 25.Bd6 Rf7 26.Nxe7 Rfxe7 27.Bxe7 Qxe7 28.Rc6 Ng5 29.h4 Nf7
30.h5 g5 31.Re6 Qd7 32.Rd1 Qc7 33.Qd5 Ne5 34.g4 fxg4 35.Qxe4+ Kg8 36.Re8+ Kf7
37.Rdd8 Qc1+ 38.Kh2 g3+ 39.fxg3 {#r} 1-0

[Event "Elite Hotels Vaxjo Open"]
[Site "masterchessopen.com Vaxjo SWE"]
[Date "2017.02.11"]
[Round "5.13"]
[White "Horn,E"]
[Black "Livner,A"]
[Result "0-1"]
[WhiteElo "2048"]
[BlackElo "2313"]

1.e4 c6 2.d4 d5 3.Nd2 dxe4 4.Nxe4 Bf5 5.Ng3 Bg6 6.h4 h6 7.h5 Bh7 8.Nf3 e6
9.Bd3 Bxd3 10.Qxd3 Nf6 11.Bf4 Qa5+ 12.Bd2 Bb4 13.c3 Be7 14.c4 Qc7 15.O-O-O O-O
16.Ne4 Rd8 17.Nxf6+ Bxf6 18.Bc3 b5 19.cxb5 Rd5 20.bxc6 Nxc6 21.Qe4 Rad8 22.Kb1
Qb6 23.Rd2 a5 24.g4 Nxd4 25.Nxd4 Bxd4 26.Bxd4 Rxd4 27.Rxd4 Rxd4 28.Qe3 Qd6
29.Qf3 Qb4 30.a3 Qa4 31.Rg1 Rf4 32.Qa8+ Kh7 33.f3 Qd4 34.Rc1 Qd3+ 35.Ka1 Rxf3
36.Qxa5 Qd4 37.g5 hxg5 38.Qxg5 Rxa3+ 39.Kb1 Qe4+ 40.Rc2 Rh3 {#R} 0-1

[Event "Elite Hotels Vaxjo Open"]
[Site "masterchessopen.com Vaxjo SWE"]
[Date "2017.02.11"]
[Round "5.15"]
[White "Burwick,M"]
[Black "Akerman,Axel"]
[Result "0-1"]
[WhiteElo "2251"]
[BlackElo "2090"]

1.Nf3 c5 2.g3 Nc6 3.Bg2 g6 4.O-O Bg7 5.c4 e5 6.Nc3 Nge7 7.Ne1 O-O 8.Nc2 d6
9.Rb1 Be6 10.Nd5 Rb8 11.b4 cxb4 12.Ncxb4 Nxb4 13.Rxb4 Nxd5 14.cxd5 Bd7 15.d3
b5 16.Be3 a5 17.Rb1 f5 18.Qd2 b4 19.Bg5 Qb6 20.Be3 Qb5 21.f4 Rfc8 22.Rfc1 a4
23.fxe5 Bxe5 24.Rxc8+ Bxc8 25.Bf2 b3 26.axb3 axb3 27.e4 fxe4 28.Bxe4 Bb7 29.d4
Bg7 30.Qf4 Qb4 31.Qe3 b2 32.Bf3 Ba6 33.Kg2 Qb3 34.Qe6+ Kh8 35.Be4 Qb4 36.Re1
Bxd4 37.Bxd4+ Qxd4 38.Rd1 Qxd1 39.Qf6+ Kg8 40.Qe6+ Kg7 41.Qe7+ Kh6 42.Qh4+ Qh5
43.Qf4+ Qg5 44.Qxd6 Qd2+ {#R} 0-1

[Event "Elite Hotels Vaxjo Open"]
[Site "masterchessopen.com Vaxjo SWE"]
[Date "2017.02.11"]
[Round "5.17"]
[White "Johansson,G1"]
[Black "Petersson,K"]
[Result "0-1"]
[WhiteElo "2226"]
[BlackElo "2059"]

1.d4 f5 2.Nf3 Nf6 3.g3 e6 4.Bg2 d5 5.O-O Bd6 6.c4 c6 7.Nc3 O-O 8.Qc2 Qe7 9.Rb1
Nbd7 10.b3 a5 11.Bf4 Bxf4 12.gxf4 Ne4 13.e3 h6 14.Ne2 g5 15.Kh1 g4 16.Ne5 Nxe5
17.fxe5 Ng5 18.c5 Bd7 19.a3 Ra7 20.Nf4 Qf7 21.f3 h5 22.Qf2 Be8 23.Qh4 Nh7
24.h3 g3 25.Rg1 Kh8 26.Bf1 Rg8 27.Rb2 b6 28.cxb6 Rb7 29.Rbg2 Rxb6 30.Rxg3 Rxg3
31.Qxg3 Nf8 32.Qh4 Rxb3 33.Rg5 Nh7 34.Ng6+ Kg7 35.Rg1 Rxe3 36.Ne7+ Kf8 37.Rg8+
Qxg8 38.Nxg8 Kxg8 39.Qd8 Kf7 40.Qxa5 Rxf3 41.Kg2 Rb3 42.a4 Rb2+ 43.Kg3 Ng5
44.Kh4 Nf3+ 45.Kxh5 Kg7# 0-1

[Event "Elite Hotels Vaxjo Open"]
[Site "masterchessopen.com Vaxjo SWE"]
[Date "2017.02.11"]
[Round "6.3"]
[White "Hector,J"]
[Black "Lindberg,Be"]
[Result "0-1"]
[WhiteElo "2501"]
[BlackElo "2376"]

1.e4 c5 2.Nf3 e6 3.d4 cxd4 4.Nxd4 Nc6 5.Nc3 Qc7 6.Qd3 a6 7.Nxc6 dxc6 8.Qg3 e5
9.f4 h5 10.fxe5 h4 11.Qf3 Be6 12.Bf4 O-O-O 13.Qf2 Ne7 14.Be3 Qxe5 15.Bd3 Ng6
16.O-O-O Be7 17.Kb1 Bf6 18.h3 Rd7 19.Rhf1 b5 20.Bc1 Kb7 21.Ne2 Rhd8 22.Ng1 Qc7
23.Nf3 Ne5 24.Nxe5 Qxe5 25.Qe1 Rd4 26.a3 Bg5 27.Rf3 f6 28.Bxg5 Qxg5 29.g3 Qh5
30.Re3 hxg3 31.Rxg3 R8d7 32.Rc1 Qe5 33.h4 Bg8 34.Qf2 Qe6 35.b3 Qe7 36.Kb2 Qe5
37.Ka2 a5 38.Rcg1 a4 39.Rxg7 axb3+ 40.cxb3 Bxb3+ 41.Kxb3 Rxd3+ 42.Ka2 Qe6+
43.Ka1 Rxa3+ 44.Kb1 Qxe4+ 45.Kc1 Rc3+ {#R} 0-1

[Event "Elite Hotels Vaxjo Open"]
[Site "masterchessopen.com Vaxjo SWE"]
[Date "2017.02.11"]
[Round "6.5"]
[White "Kucuksari,Kaan"]
[Black "Hillarp Persson,T"]
[Result "0-1"]
[WhiteElo "2337"]
[BlackElo "2512"]

1.d4 Nf6 2.Nf3 d6 3.c4 g6 4.Nc3 Bg7 5.e4 O-O 6.h3 c5 7.d5 e6 8.Bd3 Na6 9.O-O
Nc7 10.a4 e5 11.a5 Kh8 12.Bg5 h6 13.Be3 Na6 14.Qd2 Ng8 15.Ne1 f5 16.f3 f4
17.Bf2 g5 18.Nc2 h5 19.Rfb1 g4 20.hxg4 hxg4 21.Kf1 g3 22.Bg1 Qh4 23.b4 Qh1
24.bxc5 Nf6 25.Ne1 Nxc5 26.Na4 Ng4 27.Nxc5 Nh2+ 28.Ke2 Qxg1 29.Ne6 Nf1 30.Qc3
Qf2+ 31.Kd1 Ne3+ 32.Kc1 Bxe6 33.dxe6 d5 34.Rxb7 dxc4 35.Bc2 Rfe8 36.e7 Nxc2
37.Nxc2 Qxg2 38.Kb2 Bf6 39.Rd1 Qe2 40.Rbd7 Rab8+ 41.Kc1 Rb3 42.Qa1 Rd3 {#R}
0-1

[Event "Elite Hotels Vaxjo Open"]
[Site "masterchessopen.com Vaxjo SWE"]
[Date "2017.02.11"]
[Round "6.8"]
[White "Arman,D"]
[Black "Lindborg,Pa"]
[Result "1-0"]
[WhiteElo "2355"]
[BlackElo "2196"]

1.e4 c5 2.d4 cxd4 3.c3 dxc3 4.Nxc3 Nc6 5.Nf3 e6 6.Bc4 Nf6 7.O-O Qc7 8.h3 h5
9.Nb5 Qb8 10.e5 Nxe5 11.Nxe5 Qxe5 12.Qf3 Qc5 13.Bf4 Qxc4 14.Nc7+ Kd8 15.Nxa8
Nd5 16.Bb8 Bc5 17.Rac1 Qb5 18.Qg3 b6 19.Nc7 Nxc7 20.Bxc7+ Ke7 21.Qg5+ {#r} 1-0

[Event "Elite Hotels Vaxjo Open"]
[Site "masterchessopen.com Vaxjo SWE"]
[Date "2017.02.11"]
[Round "6.9"]
[White "Rahul Kumar,P"]
[Black "Bellon Lopez,JuM"]
[Result "0-1"]
[WhiteElo "2223"]
[BlackElo "2345"]

1.d4 Nf6 2.g3 d5 3.Bg2 c6 4.Nf3 Bf5 5.c4 e6 6.O-O Nbd7 7.Qb3 Qb6 8.c5 Qxb3
9.axb3 Be7 10.Nc3 a6 11.Bf4 h6 12.h3 g5 13.Bd2 Ne4 14.Be3 Bg6 15.Nxe4 Bxe4
16.Ne5 Bxg2 17.Kxg2 Nxe5 18.dxe5 f6 19.f4 gxf4 20.Bd4 f5 21.Rxf4 Rg8 22.Bf2 h5
23.Rb4 O-O-O 24.Raa4 Rdf8 25.Kf3 Rf7 26.Kg2 Rfg7 27.Kf3 Bd8 28.g4 fxg4+
29.hxg4 Bg5 30.Kg2 Bc1 31.Bd4 Rxg4+ 32.Kf1 Rxd4 {#R} 0-1

[Event "Elite Hotels Vaxjo Open"]
[Site "masterchessopen.com Vaxjo SWE"]
[Date "2017.02.11"]
[Round "6.10"]
[White "Petersson,K"]
[Black "Ziegler,A"]
[Result "0-1"]
[WhiteElo "2059"]
[BlackElo "2315"]

1.f4 g6 2.Nf3 Bg7 3.e3 c5 4.d4 Nf6 5.Bd3 d6 6.O-O O-O 7.c3 Nc6 8.a4 e5 9.dxe5
dxe5 10.Qc2 e4 11.Bxe4 Nxe4 12.Qxe4 Bf5 13.Qc4 Bd3 14.Qb3 Bxf1 15.Kxf1 Qd3+
16.Ke1 Rad8 17.Na3 Rfe8 18.Qc2 Qd5 19.Bd2 a6 20.Kf2 h6 21.Re1 f5 22.Re2 c4
23.Nh4 Re6 24.Nf3 Bf8 25.Nd4 Nxd4 26.cxd4 b5 27.Ba5 Rc8 28.b4 c3 29.axb5 axb5
30.Qd3 g5 31.fxg5 hxg5 32.Nxb5 c2 33.Nc3 c1=N 34.Nxd5 Nxd3+ 35.Kf3 g4+ 36.Kg3
Kf7 37.e4 Rxe4 38.Rxe4 fxe4 39.Kxg4 Bh6 40.b5 e3 41.Kf3 Re8 42.Nc3 e2 43.Ne4
e1=N+ {#R} 0-1

[Event "Elite Hotels Vaxjo Open"]
[Site "masterchessopen.com Vaxjo SWE"]
[Date "2017.02.11"]
[Round "6.11"]
[White "Livner,A"]
[Black "Ottenklev,Niklas"]
[Result "1-0"]
[WhiteElo "2313"]
[BlackElo "2174"]

1.c4 e6 2.g3 d5 3.Bg2 c6 4.Nf3 Nf6 5.Qc2 dxc4 6.Qxc4 b5 7.Qb3 Bb7 8.d4 Nbd7
9.O-O a6 10.Ne5 Nxe5 11.dxe5 Nd7 12.Nc3 Nxe5 13.Ne4 Qc8 14.Qc3 f6 15.Bf4 Nc4
16.Rac1 e5 17.Be3 c5 18.b3 Nxe3 19.Qxe3 Be7 20.Nxc5 Bxg2 21.Kxg2 O-O 22.Qe4
Kh8 23.Rfd1 Ra7 24.Nd7 Qa8 25.Qxa8 Rfxa8 26.Nb6 Rg8 27.Rc6 Bd8 28.Nc8 Rc7
29.Rxd8 Rxc6 30.Rxg8+ {#r} 1-0

[Event "Elite Hotels Vaxjo Open"]
[Site "masterchessopen.com Vaxjo SWE"]
[Date "2017.02.11"]
[Round "6.13"]
[White "Akerman,Axel"]
[Black "Jepson,C"]
[Result "0-1"]
[WhiteElo "2090"]
[BlackElo "2427"]

1.d4 Nf6 2.Nc3 g6 3.e4 d6 4.Be2 Bg7 5.h4 Nc6 6.Be3 h5 7.f3 e5 8.d5 Nd4 9.Bxd4
exd4 10.Qxd4 O-O 11.Qd2 c6 12.O-O-O cxd5 13.exd5 Qb6 14.Na4 Qf2 15.Bc4 Qxd2+
16.Kxd2 Bh6+ 17.Ke2 Bf5 18.Bd3 Rfe8+ 19.Kf2 Nxd5 20.Bxf5 Ne3 21.Rd3 Nxf5
22.Ne2 Rxe2+ 23.Kxe2 Ng3+ 24.Kd1 Nxh1 25.Rxd6 Re8 26.c4 Ng3 27.Rd7 Nf5 28.Rxb7
Nxh4 29.c5 Nxg2 30.c6 Re1+ 31.Kc2 Rc1+ 32.Kd3 Rxc6 33.b4 h4 34.b5 Rc1 35.Rxa7
h3 36.b6 h2 37.b7 Bf4 {#R} 0-1

[Event "1st Marcel Duchamp Cup"]
[Site "masterchessopen.com Montevideo URU"]
[Date "2017.02.11"]
[Round "3.1"]
[White "Mareco,S"]
[Black "Zuriel,M"]
[Result "1-0"]
[WhiteElo "2645"]
[BlackElo "2245"]

1.d4 Nf6 2.c4 g6 3.Nc3 Bg7 4.Nf3 O-O 5.e4 d6 6.Be2 e5 7.O-O Nc6 8.d5 Ne7 9.Ne1
Nd7 10.Nd3 f5 11.f3 f4 12.Bd2 g5 13.Rc1 Nf6 14.c5 Ne8 15.a4 Ng6 16.Nb5 Rf7
17.Ba5 b6 18.cxb6 cxb6 19.Be1 g4 20.fxg4 Qg5 21.Bf2 Bf8 22.Ne1 Rg7 23.Nf3 Qd8
24.h3 Be7 25.Rc3 Nh4 26.Kh1 Kh8 27.Nh2 Ng6 28.Qc2 Bh4 29.Bg1 Nf8 30.Rc1 Bd7
31.b3 h6 32.Nc7 Nxc7 33.Rxc7 Qe8 34.Ba6 Bd8 35.Rc3 Nh7 36.Bc8 Nf6 37.Bxd7 Qxd7
38.Bf2 Qf7 39.Nf3 Qg6 40.Re1 Rg8 41.Nh4 Qh7 42.Nf5 h5 43.gxh5 Nxh5 44.Qe2 b5
45.Rc6 Ba5 46.Rxd6 Rg6 47.Rxg6 Qxg6 48.Rc1 Rg8 49.Qf3 Rf8 50.Rc6 Rf6 51.axb5
Bb6 52.Bh4 {#r} 1-0

[Event "1st Marcel Duchamp Cup"]
[Site "masterchessopen.com Montevideo URU"]
[Date "2017.02.11"]
[Round "3.2"]
[White "Ocantos,M"]
[Black "Delgado Ramirez,N"]
[Result "0-1"]
[WhiteElo "2243"]
[BlackElo "2625"]

1.d4 Nf6 2.c4 e6 3.Nc3 Bb4 4.e3 O-O 5.Bd3 Re8 6.Ne2 d5 7.O-O c6 8.e4 dxe4
9.Nxe4 Nbd7 10.c5 Nxe4 11.Bxe4 e5 12.a3 Ba5 13.Qc2 Nf6 14.Bg5 exd4 15.Bxh7+
Kh8 16.Ng3 Re5 17.Bf4 Rd5 18.Bd3 Bc7 19.Bxc7 Qxc7 20.b4 Be6 21.Bc4 Re5 22.Bxe6
Rxe6 23.Nf5 Qe5 24.Nd6 Kg8 25.Qf5 b6 26.Qxe5 Rxe5 27.Nc4 Re6 28.cxb6 axb6
29.Nxb6 Rb8 30.Nc4 Nd5 31.Rfd1 Nc3 32.Rd3 Rd8 33.g3 c5 34.bxc5 Rd5 35.Kg2 Rc6
36.Re1 Rcxc5 37.Re8+ Kh7 38.Nd2 Nb5 39.Ne4 Rc4 40.h4 Ra4 41.Ng5+ Kg6 42.Rb8
Nxa3 43.Rb6+ f6 44.Ne6 Kf7 45.Nf4 Rd7 46.h5 Nc4 47.Rb8 Ne5 48.Rd2 d3 49.Rb3
Rad4 50.Rc3 R4d6 51.Kf1 Kg8 52.Kg2 Kh7 53.Kf1 Kh6 54.Kg2 Kg5 55.Rc8 Kf5 56.Rc5
Ke4 57.Ng6 Kd4 58.Nxe5 Kxc5 59.Nxd7+ Rxd7 60.Kf1 Kc4 61.Ke1 Re7+ 62.Kd1 Ra7
63.Rb2 Kc3 64.Rb1 d2 65.Ke2 Kd4 {#R} 0-1

[Event "1st Marcel Duchamp Cup"]
[Site "masterchessopen.com Montevideo URU"]
[Date "2017.02.11"]
[Round "3.3"]
[White "Flores,Di"]
[Black "Coro,Lucas"]
[Result "1-0"]
[WhiteElo "2572"]
[BlackElo "2234"]

1.c4 e6 2.Nc3 d5 3.d4 Nf6 4.Nf3 a6 5.g3 dxc4 6.a4 Be7 7.Bg2 O-O 8.O-O c5
9.dxc5 Qc7 10.Qc2 Qxc5 11.Be3 Qa5 12.Nd2 Nd5 13.Nxc4 Nxe3 14.Nxe3 Nc6 15.Rfd1
Rd8 16.Rxd8+ Qxd8 17.Rd1 Qc7 18.Qd2 Rb8 19.Nc4 b5 20.axb5 axb5 21.Nd6 Ba6
22.Qf4 f6 23.Qg4 f5 24.Qf4 b4 25.Nd5 exd5 26.Bxd5+ Kf8 27.Qxf5+ Bf6 28.Qe6
{#r} 1-0

[Event "1st Marcel Duchamp Cup"]
[Site "masterchessopen.com Montevideo URU"]
[Date "2017.02.11"]
[Round "3.5"]
[White "Sosa,T ARG"]
[Black "Pineda Polanco,A"]
[Result "1-0"]
[WhiteElo "2459"]
[BlackElo "2176"]

1.e4 e5 2.Nf3 Nc6 3.Bb5 a6 4.Ba4 Nf6 5.O-O Be7 6.Re1 b5 7.Bb3 d6 8.c3 O-O 9.h3
Bb7 10.d4 Nd7 11.Nbd2 Bf6 12.Nf1 exd4 13.cxd4 Re8 14.Bf4 Na5 15.Bc2 c5 16.b4
cxb4 17.Bxd6 Nc4 18.Bxb4 a5 19.Bd2 Na3 20.e5 Nxc2 21.Qxc2 Be7 22.Qd3 b4 23.Qf5
Nf8 24.Qg4 Ne6 25.Be3 g6 26.Ng3 Kh8 27.Rad1 Qd5 28.Bh6 Qxa2 29.Ne4 Qd5 30.Nfg5
Nxg5 31.Bxg5 Qe6 32.Qf4 Bxe4 33.Bxe7 Qxe7 34.Rxe4 a4 35.d5 a3 36.d6 Qd7
37.Rxb4 a2 38.Qd4 {#r} 1-0

[Event "1st Marcel Duchamp Cup"]
[Site "masterchessopen.com Montevideo URU"]
[Date "2017.02.11"]
[Round "3.6"]
[White "Condori,E"]
[Black "Garcia Palermo,C"]
[Result "0-1"]
[WhiteElo "2170"]
[BlackElo "2438"]

1.Nf3 Nf6 2.c4 e6 3.g3 d5 4.d4 Bb4+ 5.Bd2 Bd6 6.Nc3 c6 7.Qc2 Nbd7 8.e4 Nxe4
9.Nxe4 dxe4 10.Qxe4 O-O 11.Bc3 Nf6 12.Qc2 b5 13.c5 Bc7 14.Bd3 Qd5 15.Qe2 e5
16.dxe5 Bg4 17.O-O-O Qxf3 18.Qc2 b4 19.exf6 bxc3 20.Bxh7+ Kh8 21.fxg7+ Kxg7
22.Be4 Qf6 23.f3 Be6 24.b3 Qg5+ 25.f4 Qxc5 26.f5 Bd5 27.Qe2 Qa3+ {#R} 0-1

[Event "1st Marcel Duchamp Cup"]
[Site "masterchessopen.com Montevideo URU"]
[Date "2017.02.11"]
[Round "3.7"]
[White "Diaz Hollemaert,N"]
[Black "Granara Barreto,S"]
[Result "1-0"]
[WhiteElo "2429"]
[BlackElo "2164"]

1.Nf3 Nf6 2.c4 e6 3.b3 d5 4.Bb2 c5 5.e3 Nc6 6.cxd5 exd5 7.d4 cxd4 8.Nxd4 Bb4+
9.Bc3 Bxc3+ 10.Nxc3 O-O 11.Be2 Qa5 12.Qd2 Nxd4 13.Qxd4 Bd7 14.b4 Qb6 15.f3
Qxd4 16.exd4 Rac8 17.Kd2 Rfe8 18.Bd3 h5 19.a4 Kf8 20.Nb5 Bxb5 21.axb5 Nd7
22.Rxa7 Rc7 23.Rc1 Rxc1 24.Kxc1 Rc8+ 25.Kd1 Rc7 26.b6 Nxb6 27.Ba6 Ke7 28.Rxb7
Rxb7 29.Bxb7 Nc4 30.Ke2 Kd6 31.Ba6 Nb6 32.h4 f6 33.Ke3 Nd7 34.Bb5 Nf8 35.Be8
g6 36.Bf7 {#r} 1-0

[Event "1st Marcel Duchamp Cup"]
[Site "masterchessopen.com Montevideo URU"]
[Date "2017.02.11"]
[Round "3.9"]
[White "Lujan,C"]
[Black "Carbone,D"]
[Result "1-0"]
[WhiteElo "2385"]
[BlackElo "2153"]

1.e4 e5 2.Nf3 Nc6 3.Bc4 Bc5 4.O-O Nf6 5.d3 O-O 6.Bb3 h6 7.c3 d5 8.exd5 Nxd5
9.Qe2 Bg4 10.d4 Bxd4 11.cxd4 Nxd4 12.Qxe5 Nxb3 13.axb3 Bxf3 14.gxf3 Re8 15.Qf5
Qd6 16.Nc3 Re5 17.Qh3 Rae8 18.Nxd5 Qxd5 19.Be3 Qxb3 20.Bd4 Rg5+ 21.Kh1 c5
22.Bc3 b5 23.Qd7 Rf8 24.Qd1 Qc4 25.Rg1 b4 26.Rxg5 hxg5 27.Be5 Re8 28.Bg3 Qe2
29.Qb3 a5 30.Rc1 a4 31.Qxa4 Qxf3+ 32.Kg1 Qe2 33.Qc2 Qb5 34.Qf5 f6 35.Bd6 Qe2
36.Qd5+ Kh7 37.b3 Re4 38.Qf5+ Kh6 39.Qxc5 Qd2 40.Bg3 Re1+ 41.Rxe1 Qxe1+ 42.Kg2
Qe4+ 43.f3 Qe2+ 44.Bf2 Qd2 45.Qd4 {#r} 1-0

[Event "1st Marcel Duchamp Cup"]
[Site "masterchessopen.com Montevideo URU"]
[Date "2017.02.11"]
[Round "3.10"]
[White "Larrea,M"]
[Black "Vaz,L"]
[Result "1-0"]
[WhiteElo "2300"]
[BlackElo "2130"]

1.e4 e6 2.d4 d5 3.Nc3 Bb4 4.e5 c5 5.a3 Bxc3+ 6.bxc3 Qc7 7.Qg4 Ne7 8.Bd3 Nbc6
9.Qxg7 Rg8 10.Qf6 cxd4 11.Bxh7 Rf8 12.Bh6 Ng8 13.Bxg8 Rxg8 14.Nf3 Ne7 15.O-O
dxc3 16.Bg5 Rg6 17.Qh8+ Rg8 18.Qh7 Rg6 19.h4 Nf5 20.Qh8+ Kd7 21.h5 Rg7 22.h6
Rg6 23.h7 Kc6 24.Qe8+ {#r} 1-0

[Event "1st Marcel Duchamp Cup"]
[Site "masterchessopen.com Montevideo URU"]
[Date "2017.02.11"]
[Round "3.11"]
[White "Lopez Azambuja,N"]
[Black "Durante,A"]
[Result "1-0"]
[WhiteElo "2284"]
[BlackElo "2045"]

1.d4 Nf6 2.c4 e6 3.Nc3 d5 4.cxd5 exd5 5.Bg5 Be7 6.e3 O-O 7.Bd3 c6 8.Qc2 h6
9.Bh4 Nbd7 10.Nge2 Re8 11.O-O Ne4 12.Bxe7 Qxe7 13.Bxe4 dxe4 14.Ng3 Nf6 15.h3
g6 16.f3 Nd5 17.Nxd5 cxd5 18.fxe4 dxe4 19.Qb3 Kg7 20.Rac1 f5 21.Rc2 Qd6
22.Rfc1 Kf6 23.Ne2 Bd7 24.Qxb7 Reb8 25.Qc7 Qxc7 26.Rxc7 Rxb2 27.Rxd7 Rxe2
28.Rc6+ Kg5 29.Rg7 Rxe3 30.Rgxg6+ Kf4 31.Kf2 Rb8 32.Rc2 {#r} 1-0

[Event "1st Marcel Duchamp Cup"]
[Site "masterchessopen.com Montevideo URU"]
[Date "2017.02.11"]
[Round "3.14"]
[White "Meza,A"]
[Black "Muniz,R"]
[Result "0-1"]
[WhiteElo "2066"]
[BlackElo "2292"]

1.d4 Nf6 2.c4 e6 3.Nc3 Bb4 4.e3 O-O 5.Ne2 d5 6.a3 Bd6 7.cxd5 exd5 8.g3 c6
9.Bg2 Re8 10.O-O h5 11.f3 c5 12.Qc2 Nc6 13.Nb5 cxd4 14.exd4 Bb8 15.Rd1 h4
16.Bg5 hxg3 17.hxg3 a6 18.Nbc3 Qd6 19.Bxf6 gxf6 20.Nf4 Ba7 21.Nce2 Qe5 22.Qd2
Qg5 23.Kf2 Bd7 24.Qd3 Re7 25.Rh1 Bf5 26.Qc3 Rae8 27.Rad1 Ne5 28.Rh5 Nd3+
29.Kf1 Nxf4 30.Rxg5+ fxg5 31.Nxf4 gxf4 32.gxf4 Re3 33.Qa5 Bd3+ 34.Kf2 Bxd4
35.Kg3 R8e6 36.Qd8+ Kg7 37.Qxd5 Rg6+ 38.Kh3 Bf6 39.Rxd3 Re8 40.Kh2 Re2 41.Rd1
Rgxg2+ 42.Kh1 Rh2+ 43.Kg1 Reg2+ 44.Kf1 Bh4 45.Qe5+ Bf6 46.Qe4 Rxb2 47.a4 Rh1#
0-1

[Event "1st Marcel Duchamp Cup"]
[Site "masterchessopen.com Montevideo URU"]
[Date "2017.02.11"]
[Round "3.18"]
[White "Coppola,C"]
[Black "Genta,A"]
[Result "1-0"]
[WhiteElo "2266"]
[BlackElo "2054"]

1.b3 d5 2.Nf3 Nf6 3.Bb2 Bf5 4.g3 h6 5.Bg2 e6 6.O-O Be7 7.d3 O-O 8.Nbd2 c5
9.Ne5 Nbd7 10.e4 Bh7 11.f4 Rc8 12.exd5 exd5 13.Bh3 Rc7 14.Qf3 Nb6 15.Rae1 d4
16.Ndc4 Nfd5 17.a4 Bf6 18.Bg2 Nxc4 19.Nxc4 Nb4 20.Rf2 Bf5 21.Ba3 Be6 22.Bxb4
cxb4 23.Qh5 Bxc4 24.bxc4 Re7 25.Be4 {#r} 1-0

[Event "1st Marcel Duchamp Cup"]
[Site "masterchessopen.com Montevideo URU"]
[Date "2017.02.11"]
[Round "4.1"]
[White "Diaz Hollemaert,N"]
[Black "Mareco,S"]
[Result "0-1"]
[WhiteElo "2429"]
[BlackElo "2645"]

1.Nf3 d5 2.e3 Nf6 3.b3 Bf5 4.Bb2 e6 5.h3 h6 6.Bd3 Bxd3 7.cxd3 Bd6 8.O-O O-O
9.d4 a5 10.a3 Nbd7 11.Ne5 Qe7 12.f4 c5 13.dxc5 Bxc5 14.d4 Bd6 15.Nc3 Ne4
16.Nxe4 dxe4 17.a4 Nf6 18.Nc4 Rfd8 19.f5 Bc7 20.Qc2 Rd5 21.Ne5 Rc8 22.Rac1
Rdd8 23.Qe2 Bb8 24.Rc4 exf5 25.Rxf5 Qe6 26.Rf1 Qb6 27.d5 Nxd5 28.Nxf7 Qxe3+
29.Qxe3 Nxe3 {#R} 0-1